000 00286 a2200145 4500
001 186516
020 _a
040 _cMagnum
100 _aLuquini, Joselma
240 1 0 _aO piquenique
_lpor
245 1 0 _aO piquenique
300 _a16
697 _aLITERATURA INFANTO
942 _cBK
999 _c186516
_d186516